01005 a2200193 45000010006000000050017000060080041000230030015000640400040000790800162001192450051002810200022003322640036003543000019003905050272004090410008006811000023006898560099007126038820260407155854.0260407a2015 arg spa dAR-UNSa-BCEJYS aAR-UNSa-BCEJYSbspacAR-UNSa-BCEJYS a51-7xEstudios y métodos matemáticos en otros campos del conocimiento. Matemáticas científicas. Matemáticas actuariales (Matemáticas Financieras)10aOperaciones financieras en diversos escenarios a978-987-657-935-3 1aSanta Fe :bEdiciones UNLc2015 a211 p.c25 cm. a1. Nociones preliminares. Tasas de interés y de descuento - 2. Operaciones financieras simples – 3. Equivalencia de capitales. Aplicaciones en el análisis de inversión – 4. Rentas ciertas – 5. Sistemas de amortización de préstamos – 6. Empréstitos aspa1 aTomas, Norberto P.41uhttps://www.biblioeco.unsa.edu.ar/pmb/images/libros/L129144.jpgyImagen de portadaqimage/jpeg